[Event "Kreis-EM Mfr.Mitte 1997/98"]
[Site "Stein (15.11.-6.12.97)"]
[Date "1997.??.??"]
[Round "4"]
[White "Kuehnel, Stefan(64)"]
[Black "Nottenkaemper, Franz Ludwig"]
[Result "0-1"]
[WhiteElo "1532"]
[BlackElo "1668"]
[PlyCount "96"]
[EventDate "1997.12.??"]
[WhiteTeam "Stein SC"]

1. e4 e6 2. Bc4 d5 3. exd5 exd5 4. Bb3 Nf6 5. Nf3 Be7 6. O-O O-O 7. d4 Bg4 8.
h3 Bh5 9. c3 Nbd7 10. Bc2 Ne4 11. Qd3 f5 12. Bd1 c6 13. Ne5 Bxd1 14. Qxd1 Nxe5
15. dxe5 Bc5 16. Qh5 Ng3 17. Qd1 Nxf1 18. Qxf1 Qh4 19. Nd2 Rae8 20. Nf3 Qh5 21.
b4 Bb6 22. c4 Qf7 23. Ng5 Qe7 24. c5 Bc7 25. f4 h6 26. Nf3 g5 27. fxg5 Bxe5 28.
Rb1 hxg5 29. Bxg5 Bf6 30. Bf4 Qe2 31. Bd6 Qxf1+ 32. Kxf1 Rf7 33. Kf2 b6 34. h4
Re4 35. Kg3 Rg7+ 36. Kf2 Bxh4+ 37. Nxh4 Rxh4 38. Re1 Re4 39. g3 Rh7 40. Rxe4
dxe4 41. Ke3 Kf7 42. b5 cxb5 43. c6 Ke8 44. c7 Kd7 45. a3 Kc8 46. Bf4 Rd7 47.
g4 Rd3+ 48. Ke2 fxg4 0-1

[Event "Kreis-EM Mfr.Mitte 1997/98"]
[Site "Stein (15.11.-6.12.97)"]
[Date "1997.??.??"]
[Round "4"]
[White "Woerl, Richard"]
[Black "Ganslmayer, Herbert"]
[Result "1/2-1/2"]
[WhiteElo "1956"]
[BlackElo "1807"]
[PlyCount "90"]
[EventDate "1997.12.??"]
[BlackTeam "Zirndorf SK"]

1. e4 d6 2. d4 g6 3. f4 Bg7 4. c3 Nf6 5. Bd3 e5 6. Nf3 O-O 7. O-O c6 8. fxe5
dxe5 9. Nxe5 Nbd7 10. Bg5 Nxe5 11. Bxf6 Bxf6 12. dxe5 Bxe5 13. Qc2 Qh4 14. h3
Be6 15. Nd2 Bc7 16. Nf3 Qg3 17. Kh1 Rad8 18. Rad1 Rd7 19. Qf2 Rfd8 20. Qxg3
Bxg3 21. Nd4 Re7 22. Nxe6 Rxe6 23. Bc2 Rxd1 24. Rxd1 Rd6 25. Bd3 Kg7 26. Kg1 c5
27. Kf1 Rf6+ 28. Kg1 Rd6 29. Be2 Rxd1+ 30. Bxd1 Kf6 31. Bb3 Ke7 32. Kf1 f6 33.
Bd5 b6 34. Ke2 h5 35. Kf3 h4 36. Kg4 Be1 37. e5 Bg3 38. Bc4 Be1 39. Bd3 g5 40.
Kf5 fxe5 41. g4 Bd2 42. Kxe5 Kd7 43. Kd5 a5 44. Kc4 Kd6 45. Kb5 Kc7 1/2-1/2

[Event "Kreis-EM Mfr.Mitte 1997/98"]
[Site "Stein (15.11.-6.12.97)"]
[Date "1997.??.??"]
[Round "4"]
[White "Grasser, Stefan"]
[Black "Gawlas, Gunder"]
[Result "0-1"]
[WhiteElo "1552"]
[BlackElo "1578"]
[PlyCount "137"]
[EventDate "1997.12.??"]

1. d4 d5 2. Nf3 Bf5 3. Nc3 e6 4. Bg5 Nf6 5. e3 Be7 6. h3 Nbd7 7. Bd3 Bg6 8.
Bxg6 hxg6 9. Ne5 a6 10. a3 c5 11. Nxd7 Nxd7 12. Bf4 Bf6 13. Ne2 g5 14. Bh2 cxd4
15. exd4 O-O 16. O-O Rc8 17. c3 e5 18. Qb3 exd4 19. Nxd4 Nc5 20. Qd1 Re8 21.
Nf5 Be5 22. f4 Bxf4 23. Bxf4 gxf4 24. Rxf4 Re4 25. Qg4 Ne6 26. Nh6+ Kh7 27.
Nxf7 Qb6+ 28. Kh2 Rxf4 29. Qh5+ Kg8 30. Qh8+ Kxf7 31. Qxc8 Qc7 32. Qxc7+ Nxc7
33. Kg3 Rf6 34. Rd1 b5 35. Rd4 Ke6 36. b3 Ke5 37. a4 bxa4 38. bxa4 Rc6 39. Rd3
Rc4 40. Re3+ Kd6 41. a5 Nb5 42. Re8 Rxc3+ 43. Kf4 Nc7 44. Rg8 g5+ 45. Kg4 Ne6
46. Ra8 Nc7 47. Rg8 Rc4+ 48. Kxg5 Ke5 49. g4 d4 50. Kh6 Rc6+ 51. Kh5 Ne6 52.
Rb8 d3 53. Rb2 Rc2 54. Rb1 Kd4 55. g5 Kc3 56. g6 Nf4+ 57. Kh6 Nxg6 58. Kxg6
Rg2+ 59. Kf5 d2 60. Ra1 Kb3 61. h4 Kb2 62. Rd1 Kc2 63. Rxd2+ Kxd2 64. h5 Kc3
65. h6 Kb4 66. h7 Rh2 67. Kg6 Kxa5 68. Kg7 Kb4 69. h8=Q 0-1

[Event "Kreis-EM Mfr.Mitte 1997/98"]
[Site "Stein (15.11.-6.12.97)"]
[Date "1997.??.??"]
[Round "4"]
[White "Ringler, Claus++"]
[Black "Hasenoeder, Matthias"]
[Result "0-1"]
[WhiteElo "1386"]
[BlackElo "1670"]
[PlyCount "42"]
[EventDate "1997.12.??"]

1. d4 e6 2. c4 Nf6 3. Nc3 Bb4 4. Qc2 c5 5. e3 d6 6. a3 Bxc3+ 7. bxc3 Nc6 8. Bd3
O-O 9. Ne2 b6 10. O-O Ba6 11. f4 Na5 12. Rf3 Bxc4 13. Bxh7+ Nxh7 14. Rh3 f5 15.
g4 Bxe2 16. Qxe2 Nf6 17. gxf5 exf5 18. e4 Qe8 19. Qf2 Nxe4 20. Qh4 Rf6 21. Kh1
Rh6 0-1

[Event "Kreis-EM Mfr.Mitte 1997/98"]
[Site "Stein (15.11.-6.12.97)"]
[Date "1997.??.??"]
[Round "4"]
[White "Schanz, Karlheinz"]
[Black "Kujundzic, Salih"]
[Result "0-1"]
[WhiteElo "1758"]
[BlackElo "2061"]
[PlyCount "102"]
[EventDate "1997.12.??"]

1. e4 e6 2. d4 c5 3. d5 d6 4. c4 g6 5. Nc3 Bg7 6. Qc2 Nf6 7. Nf3 O-O 8. Be2
exd5 9. exd5 Bf5 10. Qd1 Nbd7 11. O-O a6 12. a4 Re8 13. h3 Nb6 14. Bd3 Qd7 15.
a5 Nc8 16. Bc2 Bxc2 17. Qxc2 b5 18. axb6 Nxb6 19. Qd3 a5 20. Rb1 a4 21. Nb5
Reb8 22. Na3 Nc8 23. Nb5 Nb6 24. Na3 h6 25. Bd2 Nc8 26. Nb5 Ne7 27. Bf4 Nexd5
28. Bxd6 Rxb5 29. cxb5 Qxd6 30. Nd2 Qb6 31. Rbd1 Rb8 32. Ne4 Nb4 33. Nxf6+ Bxf6
34. Qf3 Bd4 35. Rfe1 Kg7 36. Re2 Qf6 37. Qg3 Rxb5 38. Kh1 Nd5 39. Red2 Rb3 40.
Qg4 Nf4 41. Re1 Rxb2 42. Rxb2 Bxb2 43. Re4 Ne6 44. Rxa4 Qxf2 45. Qd1 Bd4 46.
Rc4 Nf4 47. Rc2 Qg3 48. Qf1 Nd3 49. Re2 Nf2+ 50. Rxf2 Qxf2 51. Qb1 c4 0-1

[Event "Kreis-EM Mfr.Mitte 1997/98"]
[Site "Stein (15.11.-6.12.97)"]
[Date "1997.??.??"]
[Round "4"]
[White "Schmid, Stefan(63)"]
[Black "Ponnath, Lorenz"]
[Result "0-1"]
[WhiteElo "1738"]
[BlackElo "2036"]
[PlyCount "31"]
[EventDate "1997.12.??"]

1. g4 g6 2. Bg2 Bg7 3. c4 c6 4. Nc3 d6 5. h3 Be6 6. d3 Nd7 7. Bf4 Qb6 8. Qc2 f6
9. Nf3 Bf7 10. e4 Ne5 11. Be3 Qxb2 12. Qxb2 Nxd3+ 13. Kd2 Nxb2 14. Rab1 Nxc4+
15. Kd3 Nxe3 16. Kxe3 0-1

[Event "Kreis-EM Mfr.Mitte 1997/98"]
[Site "Stein (15.11.-6.12.97)"]
[Date "1997.??.??"]
[Round "4"]
[White "Seibert, Volker"]
[Black "Betz, Egon"]
[Result "0-1"]
[WhiteElo "1728"]
[BlackElo "1904"]
[PlyCount "56"]
[EventDate "1997.12.??"]

1. e4 c5 2. Nf3 Nc6 3. d4 cxd4 4. Nxd4 g6 5. Nc3 Bg7 6. Be3 Nf6 7. f3 d6 8. Qd2
Bd7 9. Bc4 a6 10. O-O-O h5 11. h4 Qc7 12. Bb3 Ne5 13. Kb1 Rc8 14. Bg5 Nc4 15.
Qe2 Nxb2 16. Bxf6 Nxd1 17. Nd5 Nc3+ 18. Kb2 Nxd5 19. Bxg7 Rg8 20. Bh6 Qc3+ 21.
Kb1 Nc7 22. Rd1 e5 23. Bd2 Qxd4 24. Be3 Qb4 25. Bd2 Qb5 26. Qe3 Be6 27. Bc3
Bxb3 28. cxb3 Ke7 0-1

[Event "Kreis-EM Mfr.Mitte 1997/98"]
[Site "Stein (15.11.-6.12.97)"]
[Date "1997.??.??"]
[Round "4"]
[White "Walter, Markus Dr(70)"]
[Black "Konsek, Peter"]
[Result "1/2-1/2"]
[WhiteElo "1993"]
[BlackElo "1929"]
[PlyCount "87"]
[EventDate "1997.12.??"]

1. e4 e5 2. Nf3 Nc6 3. Bc4 Nf6 4. Nc3 Nxe4 5. Nxe4 d5 6. Bxd5 Qxd5 7. Nc3 Qd8
8. h3 Bc5 9. d3 O-O 10. Be3 Bxe3 11. fxe3 f5 12. Qd2 Be6 13. O-O-O Qe7 14. Kb1
b5 15. d4 e4 16. Nh2 Na5 17. b3 Qb4 18. Ne2 Qa3 19. Qc1 Qd6 20. Nf4 Bf7 21. h4
c5 22. Qa3 Nb7 23. dxc5 Qxc5 24. Qxc5 Nxc5 25. Rd2 a5 26. g4 Ne6 27. Nd5 fxg4
28. Nxg4 Bh5 29. Rg1 Kh8 30. Nc3 Rf3 31. Nxe4 Bxg4 32. Rxg4 Rxe3 33. Ng5 a4 34.
Nxe6 Rxe6 35. Rgd4 h6 36. bxa4 bxa4 37. a3 Kh7 38. Rb4 Raa6 39. Rdd4 Kg6 40.
Rxa4 Rxa4 41. Rxa4 Kh5 42. Rd4 g5 43. hxg5 hxg5 44. Kb2 1/2-1/2

[Event "Kreis-EM Mfr.Mitte 1997/98"]
[Site "Stein (15.11.-6.12.97)"]
[Date "1997.??.??"]
[Round "4"]
[White "Zaudtke, Friedrich Wilhelm"]
[Black "Wassner, Karl++"]
[Result "1-0"]
[WhiteElo "1601"]
[BlackElo "1537"]
[PlyCount "53"]
[EventDate "1997.12.??"]

1. d4 d5 2. c4 Bf5 3. Nc3 e6 4. e3 c5 5. Nf3 Nc6 6. Be2 dxc4 7. Qa4 Qd7 8. Bxc4
O-O-O 9. Bb5 a6 10. Bxc6 Qxc6 11. Qxc6+ bxc6 12. Ne5 Bg6 13. dxc5 Bxc5 14. Nxc6
Rd6 15. Ne5 Nf6 16. O-O Rhd8 17. b3 Kc7 18. Bb2 Rd2 19. Nc4 Rc2 20. Rac1 Bb4
21. Rxc2 Bxc2 22. Rc1 Bf5 23. Ne2 Kb7 24. Nd4 Be4 25. Ne5 Bg6 26. Nec6 Rd5 27.
Nxb4 1-0

[Event "Kreis-EM Mfr.Mitte 1997/98"]
[Site "Stein (15.11.-6.12.97)"]
[Date "1997.??.??"]
[Round "5"]
[White "Braginskij, Alexej"]
[Black "Schrenk, Robert"]
[Result "1-0"]
[WhiteElo "1873"]
[BlackElo "1589"]
[PlyCount "51"]
[EventDate "1997.12.??"]
[WhiteTeam "Fürth-2002 SZ"]
[BlackTeam "Nürnberg-Zabo Spvg"]

1. e4 e5 2. Nf3 Nc6 3. Bb5 d6 4. O-O g6 5. c3 Bg7 6. d4 Bd7 7. Re1 a6 8. Ba4
Nf6 9. Bg5 O-O 10. Nbd2 Re8 11. d5 Na7 12. Bc2 c6 13. dxc6 Nxc6 14. Nc4 Bg4 15.
Qxd6 Bxf3 16. gxf3 h6 17. Qxd8 Raxd8 18. Be3 Nh5 19. Rad1 Bf8 20. Bb6 Rxd1 21.
Rxd1 Nf4 22. Ba4 Re6 23. Rd7 Be7 24. Rxb7 f5 25. Rc7 Bd8 26. Rxc6 1-0

[Event "Kreis-EM Mfr.Mitte 1997/98"]
[Site "Stein (15.11.-6.12.97)"]
[Date "1997.??.??"]
[Round "5"]
[White "Goetz, Dieter(65)"]
[Black "Ganslmayer, Herbert"]
[Result "1-0"]
[WhiteElo "1958"]
[BlackElo "1807"]
[PlyCount "23"]
[EventDate "1997.12.??"]
[WhiteTeam "Nürnberg-1911 SK"]
[BlackTeam "Zirndorf SK"]

1. c4 e5 2. Nc3 g6 3. g3 Bg7 4. Bg2 Nc6 5. e4 d6 6. Nge2 Be6 7. Nd5 Nf6 8. O-O
Qc8 9. d3 Ne7 10. Bh6 Nfxd5 11. Bxg7 Rg8 12. cxd5 1-0

[Event "Kreis-EM Mfr.Mitte 1997/98"]
[Site "Stein (15.11.-6.12.97)"]
[Date "1997.??.??"]
[Round "5"]
[White "Kujundzic, Salih"]
[Black "Holl, Manfred"]
[Result "1-0"]
[WhiteElo "2061"]
[BlackElo "1893"]
[PlyCount "143"]
[EventDate "1997.12.??"]
[BlackTeam "Nürnberg-Süd SW"]

1. e4 c6 2. d4 d5 3. Nd2 dxe4 4. Nxe4 Bf5 5. Ng3 Bg6 6. Nf3 Nd7 7. h4 h6 8. Bd3
Bxd3 9. Qxd3 Ngf6 10. O-O e6 11. Bf4 Be7 12. c4 O-O 13. Rad1 Rc8 14. Rfe1 Ng4
15. h5 Bh4 16. Ne4 Be7 17. a3 Re8 18. Qe2 Ngf6 19. Ng3 Qa5 20. Ne5 Red8 21. Qf3
Nxe5 22. Bxe5 Rd7 23. b4 Qd8 24. Re3 a5 25. bxa5 Qxa5 26. Rb1 b5 27. cxb5 cxb5
28. Reb3 Ra7 29. Ne4 Nxe4 30. Qxe4 Qd8 31. Rg3 Bf8 32. Qg4 Qg5 33. Qd1 Qe7 34.
Rbb3 Rca8 35. Qg4 Qg5 36. Qxg5 hxg5 37. Rxg5 Rxa3 38. Rxb5 Kh7 39. Bf4 R3a4 40.
Be3 Be7 41. Rg4 Bf6 42. Rb7 e5 43. dxe5 Rxg4 44. exf6 Kg8 45. fxg7 Kxg7 46. h6+
Kg6 47. g3 Re4 48. Kg2 Rh8 49. Kf3 Rxe3+ 50. Kxe3 Rxh6 51. Rb6+ f6 52. Kf4 Rh5
53. g4 Ra5 54. Kg3 Ra3+ 55. f3 Ra1 56. f4 Rg1+ 57. Kf3 Rf1+ 58. Ke3 Kg7 59. Ke4
Ra1 60. Rd6 Ra4+ 61. Kf5 Ra5+ 62. Ke6 Ra4 63. Rd7+ Kg8 64. Kf5 Kf8 65. Rd6 Kg7
66. Re6 Rb4 67. Re7+ Kf8 68. Re4 Rb6 69. Kg6 Ra6 70. f5 Rb6 71. Re6 Rxe6 72.
fxe6 1-0

[Event "Kreis-EM Mfr.Mitte 1997/98"]
[Site "Stein (15.11.-6.12.97)"]
[Date "1997.??.??"]
[Round "5"]
[White "Neumann, Peter(46)"]
[Black "Ringler, Claus++"]
[Result "1-0"]
[WhiteElo "1482"]
[BlackElo "1386"]
[PlyCount "51"]
[EventDate "1997.12.??"]
[WhiteTeam "Nürnberg-Süd SW"]

1. c4 c6 2. Nc3 Nf6 3. g3 d5 4. cxd5 Nxd5 5. Bg2 Nxc3 6. bxc3 e5 7. d3 Qc7 8.
Nf3 Be6 9. O-O Be7 10. Ng5 Bxg5 11. Bxg5 f6 12. Bd2 Nd7 13. f4 Qa5 14. f5 Bxa2
15. Kh1 Nc5 16. Qc2 Bb3 17. Rxa5 Bxc2 18. Rxc5 O-O 19. Ra5 Bb3 20. c4 Rfd8 21.
Rc1 Rd7 22. Ra3 Bxc4 23. Rxc4 b5 24. Rxc6 a5 25. Rxa5 Rda7 26. Rc8+ 1-0

[Event "Kreis-EM Mfr.Mitte 1997/98"]
[Site "Stein (15.11.-6.12.97)"]
[Date "1997.??.??"]
[Round "5"]
[White "Ponnath, Lorenz"]
[Black "Klein, Waldemar(58)"]
[Result "1-0"]
[WhiteElo "2036"]
[BlackElo "1951"]
[PlyCount "117"]
[EventDate "1997.12.??"]
[BlackTeam "Nürnberg-Süd SW"]

1. d4 g6 2. Nf3 Nf6 3. c4 Bg7 4. Nc3 O-O 5. e4 d6 6. Be2 Nc6 7. O-O e5 8. d5
Ne7 9. Ne1 a5 10. Be3 b6 11. f3 Nd7 12. Nd3 f5 13. g4 f4 14. Bf2 Ba6 15. b3 g5
16. Qc2 Ng6 17. a3 Nf6 18. Rfc1 Rf7 19. Nb5 Qd7 20. Qd1 Bf8 21. b4 Bxb5 22.
cxb5 h5 23. h3 hxg4 24. hxg4 Nh4 25. Bxh4 gxh4 26. bxa5 Rxa5 27. Nb4 Ra7 28. a4
Bh6 29. Rc3 Rf8 30. Na6 Ne8 31. Qe1 Bg5 32. Qf2 Rb7 33. Rac1 Qh7 34. Bf1 Rf7
35. Bh3 Kf8 36. Qe2 Qg7 37. Qc4 Bd8 38. Nb4 Bg5 39. Na6 Bd8 40. Qc6 Ra7 41. Ra3
Qg5 42. Kf2 Rg7 43. a5 Qe7 44. Rca1 bxa5 45. Rxa5 Kf7 46. Nb8 Rxa5 47. Rxa5 Kg6
48. Ra8 Kg5 49. Qb7 c5 50. Qc8 Qf6 51. Nc6 Nc7 52. Nxd8 Nxa8 53. Ne6+ Kg6 54.
g5 Qe7 55. Nf8+ Kxg5 56. Qxa8 Rf7 57. Ne6+ Kf6 58. Qh8+ Kg6 59. Bg4 1-0

[Event "Kreis-EM Mfr.Mitte 1997/98"]
[Site "Stein (15.11.-6.12.97)"]
[Date "1997.??.??"]
[Round "5"]
[White "Schloetterer, Hermann"]
[Black "Junker, Rene++"]
[Result "0-1"]
[WhiteElo "1907"]
[BlackElo "2114"]
[PlyCount "114"]
[EventDate "1997.12.??"]
[BlackTeam "Schwabach-07 SK"]

1. d4 d5 2. g3 e6 3. Bg2 f5 4. Nh3 Nf6 5. Nd2 c6 6. Nf3 Be7 7. O-O O-O 8. Nf4
Ne4 9. Nd3 b6 10. c3 Bb7 11. a4 c5 12. dxc5 Nxc5 13. Re1 Nc6 14. Bf4 g5 15. Bc1
Bf6 16. Nxc5 bxc5 17. Qb3 Na5 18. Qa2 Ba6 19. Nd2 Rb8 20. Rb1 c4 21. Nf1 Nb3
22. Be3 Rf7 23. Rbd1 Qa5 24. f4 g4 25. Bf2 Bb5 26. e4 fxe4 27. Ne3 Qxa4 28. Qb1
Bc6 29. Nxg4 Bg7 30. Qc2 Nc5 31. Qe2 Nd3 32. Ra1 Qb5 33. Reb1 Nxf2 34. Nxf2 Qc5
35. Kh1 Rfb7 36. Nh3 Qe7 37. Qg4 Rxb2 38. Rf1 R8b7 39. Ng5 Bd7 40. Qh5 h6 41.
Nh3 Qf7 42. Qg4 Qf5 43. Qh4 Qf6 44. Qg4 Qxc3 45. f5 exf5 46. Qh5 Qc2 47. Nf4
R7b5 48. Ra6 Rb6 49. Rxb6 Rxb6 50. Nxd5 Rb1 51. Ne7+ Kf8 52. Ng6+ Ke8 53. Ne5+
Kd8 54. Nf7+ Ke7 55. Qg6 Qd3 56. Rg1 Rxg1+ 57. Kxg1 Bd4+ 0-1

[Event "Kreis-EM Mfr.Mitte 1997/98"]
[Site "Stein (15.11.-6.12.97)"]
[Date "1997.??.??"]
[Round "5"]
[White "Betz, Egon"]
[Black "Proebster, Georg"]
[Result "1/2-1/2"]
[WhiteElo "1904"]
[BlackElo "1751"]
[PlyCount "124"]
[EventDate "1997.12.??"]

1. e4 c5 2. Nc3 Nc6 3. f4 e6 4. Nf3 d5 5. e5 Nh6 6. Bb5 Qb6 7. Bxc6+ bxc6 8.
O-O Ba6 9. d3 c4+ 10. d4 c5 11. Ne2 cxd4 12. Nfxd4 c3 13. bxc3 Bc5 14. Kh1 g6
15. Nb3 Be3 16. Rf3 Ng4 17. Bxe3 Nxe3 18. Qd2 Nc4 19. Qd4 Rc8 20. Qxb6 Nxb6 21.
Nbd4 Na4 22. Rb1 Kd7 23. Rb4 Rc4 24. Kg1 Rhc8 25. Rxc4 Bxc4 26. a3 Rb8 27. Kf2
Rb2 28. g4 Ra2 29. f5 exf5 30. gxf5 gxf5 31. Rxf5 Ke8 32. Rh5 Bxe2 33. Kxe2
Nxc3+ 34. Kd3 Rxa3 35. Rxh7 Nb5+ 36. Nb3 a5 37. Rh8+ Ke7 38. Rb8 Nc7 39. Rb7
Kd8 40. Rb8+ Kd7 41. Kd4 a4 42. Nc5+ Kc6 43. c4 dxc4 44. Kxc4 Ra1 45. Nd3 Na6
46. Rd8 a3 47. Rd6+ Kb7 48. Rd7+ Kb8 49. Rxf7 a2 50. Rf8+ Kc7 51. Rf7+ Kb6 52.
Rf6+ Kb7 53. Kb3 Rd1 54. Rxa6 Kxa6 55. Nb4+ Kb5 56. Nxa2 Re1 57. Nc3+ Kc5 58.
Kc2 Rxe5 59. Kd3 Rh5 60. Ne4+ Kc6 61. Kd4 Rxh2 62. Ke5 Rh5+ 1/2-1/2

[Event "Kreis-EM Mfr.Mitte 1997/98"]
[Site "Stein (15.11.-6.12.97)"]
[Date "1997.??.??"]
[Round "5"]
[White "Bodakosch, Josef"]
[Black "Grasser, Stefan"]
[Result "0-1"]
[WhiteElo "1446"]
[BlackElo "1552"]
[PlyCount "124"]
[EventDate "1997.12.??"]

1. e4 e5 2. Bc4 Nf6 3. Qf3 Nc6 4. Ne2 d6 5. h3 Bd7 6. a3 Na5 7. Ba2 c5 8. d3
Nc6 9. Bg5 Be7 10. Bxf6 Bxf6 11. O-O Qb6 12. b3 Nd4 13. Nxd4 cxd4 14. c3 O-O
15. c4 Rac8 16. Qe2 Qa6 17. Qd2 b5 18. Qb4 Rc5 19. a4 bxa4 20. bxa4 Bd8 21. Bb3
Ba5 22. Qa3 Rb8 23. Qb2 Qb7 24. Ra3 Bxa4 25. Nd2 Bc3 26. Qc2 Bxd2 27. Qxd2 Bxb3
28. Rb1 f6 29. Raxb3 Qc7 30. Qb2 Rxb3 31. Qxb3 a5 32. Qa4 Kf7 33. Rb3 Ke7 34.
Qa3 Qc8 35. Qa4 f5 36. f3 g5 37. Rb5 Rxb5 38. Qxb5 fxe4 39. fxe4 Qc7 40. Qd5 a4
41. Qg8 Kf6 42. Qf8+ Qf7 43. Qxd6+ Qe6 44. Qd8+ Qe7 45. Qb6+ Kg7 46. c5 a3 47.
Qa5 a2 48. c6 Qe6 49. Kh2 h5 50. c7 h4 51. Qa7 Kg6 52. Qa8 Kg7 53. Qxa2 Qxa2
54. c8=Q Qf7 55. Qc1 Qf4+ 56. Qxf4 gxf4 57. Kg1 Kf7 58. Kf2 Ke7 59. Kf3 Kd6 60.
Kg4 Kc5 61. Kf3 Kb4 62. Ke2 Kc3 0-1

[Event "Kreis-EM Mfr.Mitte 1997/98"]
[Site "Stein (15.11.-6.12.97)"]
[Date "1997.??.??"]
[Round "5"]
[White "Gawlas, Gunder"]
[Black "Zaudtke, Friedrich Wilhelm"]
[Result "0-1"]
[WhiteElo "1578"]
[BlackElo "1601"]
[PlyCount "80"]
[EventDate "1997.12.??"]

1. e4 c5 2. Nf3 d6 3. c3 e6 4. d3 Be7 5. Be2 Nf6 6. Nbd2 Nbd7 7. O-O O-O 8. d4
Qc7 9. b4 b6 10. Bb2 Bb7 11. Bd3 Rac8 12. Qe2 Rfd8 13. Rae1 Re8 14. h3 a6 15.
Nh2 Nf8 16. f4 b5 17. e5 dxe5 18. fxe5 c4 19. Bc2 Nd5 20. Qf2 f6 21. exf6 Nxf6
22. Ne4 Bxe4 23. Bxe4 Bd6 24. Ng4 Nxg4 25. hxg4 Bg3 26. Qf3 Bxe1 27. Rxe1 Re7
28. Re3 Rce8 29. Bc1 Qb6 30. Qg3 e5 31. Kh2 exd4 32. Bd5+ Kh8 33. Rxe7 Rxe7 34.
cxd4 Qxd4 35. Qb8 Qe5+ 36. Qxe5 Rxe5 37. Bf3 c3 38. Kg3 Re1 39. Bf4 c2 40. Kf2
Ra1 0-1

[Event "Kreis-EM Mfr.Mitte 1997/98"]
[Site "Stein (15.11.-6.12.97)"]
[Date "1997.??.??"]
[Round "5"]
[White "Hasenoeder, Matthias"]
[Black "Schmid, Stefan(63)"]
[Result "0-1"]
[WhiteElo "1670"]
[BlackElo "1738"]
[PlyCount "46"]
[EventDate "1997.12.??"]

1. d4 d5 2. c4 c6 3. Nf3 f5 4. Nbd2 Nf6 5. g3 e6 6. Bg2 Bd6 7. O-O O-O 8. Qc2
Qe8 9. b3 Qh5 10. Bb2 Bd7 11. Rfe1 Na6 12. a3 Rae8 13. Ne5 f4 14. e4 fxg3 15.
hxg3 Bxe5 16. dxe5 Ng4 17. Nf1 Rxf2 18. Re2 Ref8 19. Rxf2 Rxf2 20. Qc3 dxe4 21.
Re1 Nc5 22. Bxe4 Nxe4 23. Rxe4 Qh3 0-1

[Event "Kreis-EM Mfr.Mitte 1997/98"]
[Site "Stein (15.11.-6.12.97)"]
[Date "1997.??.??"]
[Round "5"]
[White "Hennemann, Herbert"]
[Black "Schanz, Karlheinz"]
[Result "1-0"]
[WhiteElo "1587"]
[BlackElo "1758"]
[PlyCount "61"]
[EventDate "1997.12.??"]

1. d4 d5 2. c4 c6 3. Nc3 Nf6 4. Qb3 e6 5. e3 Nbd7 6. cxd5 exd5 7. Be2 Bd6 8.
Nf3 O-O 9. O-O Re8 10. Qc2 Nb6 11. Bd3 h6 12. e4 dxe4 13. Nxe4 Nxe4 14. Bxe4
Qc7 15. Re1 Be6 16. Bd2 Rad8 17. Bc3 Nd5 18. Bxd5 Bxd5 19. Ne5 Re6 20. f4 Rde8
21. f5 R6e7 22. Qf2 f6 23. Nf3 Re4 24. g3 Qd7 25. Nh4 Rxe1+ 26. Rxe1 Rxe1+ 27.
Qxe1 Bxa2 28. Bb4 Bxb4 29. Qxb4 b6 30. Ng6 Bd5 31. Qf8+ 1-0

[Event "Kreis-EM Mfr.Mitte 1997/98"]
[Site "Stein (15.11.-6.12.97)"]
[Date "1997.??.??"]
[Round "5"]
[White "Konsek, Peter"]
[Black "Woerl, Richard"]
[Result "1-0"]
[WhiteElo "1929"]
[BlackElo "1956"]
[PlyCount "49"]
[EventDate "1997.12.??"]

1. e4 c5 2. Nc3 Nc6 3. Nf3 e6 4. d4 cxd4 5. Nxd4 a6 6. Be3 Bb4 7. Bd3 Nf6 8.
O-O d5 9. Nxc6 bxc6 10. e5 Nd7 11. Qg4 Bf8 12. f4 d4 13. Bxd4 Nf6 14. exf6
Qxd4+ 15. Kh1 gxf6 16. Rad1 Qb4 17. Ne4 Qxb2 18. c3 Be7 19. Qg7 Rf8 20. f5 Qxa2
21. Nxf6+ Bxf6 22. Qxf6 Qa5 23. fxe6 Bxe6 24. Bc4 Rd8 25. Bxe6 1-0

[Event "Kreis-EM Mfr.Mitte 1997/98"]
[Site "Stein (15.11.-6.12.97)"]
[Date "1997.??.??"]
[Round "5"]
[White "Soergel, Frank"]
[Black "Walter, Markus Dr(70)"]
[Result "1-0"]
[WhiteElo "1956"]
[BlackElo "1993"]
[PlyCount "81"]
[EventDate "1997.12.??"]

1. e4 c6 2. d4 d5 3. e5 Bf5 4. h4 h5 5. c4 Bxb1 6. Rxb1 dxc4 7. Bxc4 e6 8. Ne2
Be7 9. g3 Nd7 10. Nf4 Bb4+ 11. Bd2 Bxd2+ 12. Qxd2 Nb6 13. Bb3 Nd5 14. Nxd5 exd5
15. O-O Qe7 16. Bc2 O-O-O 17. b4 b5 18. a4 a6 19. axb5 axb5 20. Ra1 Kb7 21. Ra5
Nh6 22. Rfa1 Ra8 23. Qc3 Rxa5 24. Rxa5 Kb6 25. Ra1 Rc8 26. Bd3 Rc7 27. Kg2 Ng4
28. Be2 Ra7 29. Rxa7 Kxa7 30. Qxc6 Qxb4 31. Bxb5 Qe7 32. Qxd5 Nh6 33. Qd7+ Qxd7
34. Bxd7 Kb7 35. e6 fxe6 36. Bxe6 Kc6 37. Kf3 Kd6 38. d5 Ke5 39. Ke3 g6 40. f4+
Kd6 41. Kd4 1-0

[Event "Kreis-EM Mfr.Mitte 1997/98"]
[Site "Stein (15.11.-6.12.97)"]
[Date "1997.??.??"]
[Round "5"]
[White "Wassner, Karl++"]
[Black "Gedak, Gerhard"]
[Result "1/2-1/2"]
[WhiteElo "1537"]
[BlackElo "1660"]
[PlyCount "67"]
[EventDate "1997.12.??"]

1. e4 c5 2. Nf3 Nc6 3. d4 cxd4 4. Nxd4 d6 5. Be2 Nf6 6. Nc3 a6 7. Be3 Qc7 8.
Nb3 b5 9. a3 Bb7 10. Bg5 Nd7 11. Nd5 Qb8 12. Be3 e6 13. Nf4 Be7 14. Nh5 O-O 15.
f4 Nf6 16. Nxf6+ Bxf6 17. c3 Qc7 18. Bd3 Ne7 19. O-O Rad8 20. Qg4 g6 21. Rad1
Kh8 22. Bc2 Bg7 23. f5 exf5 24. exf5 Nxf5 25. Bxf5 gxf5 26. Qxf5 Qe7 27. Bb6
Bc8 28. Qd3 Rde8 29. Qxd6 Qe2 30. Qd2 Qe6 31. Bd4 Qxb3 32. Bxg7+ Kxg7 33. Qg5+
Kh8 34. Qf6+ 1/2-1/2

[Event "Kreis-EM Mfr.Mitte 1997/98"]
[Site "Stein (15.11.-6.12.97)"]
[Date "1997.??.??"]
[Round "6"]
[White "Proebster, Georg"]
[Black "Braginskij, Alexej"]
[Result "1-0"]
[WhiteElo "1751"]
[BlackElo "1873"]
[PlyCount "103"]
[EventDate "1997.12.??"]
[BlackTeam "Fürth-2002 SZ"]

1. e4 e6 2. d4 d5 3. e5 c5 4. c3 Nc6 5. Nf3 Qb6 6. a3 a5 7. Bd3 Bd7 8. Bc2 cxd4
9. cxd4 Nge7 10. Nc3 Ng6 11. O-O Be7 12. Re1 O-O 13. Qd3 f6 14. exf6 Bxf6 15.
Be3 Be7 16. Ne5 Ncxe5 17. dxe5 Bc5 18. Nxd5 Qc6 19. Nc3 Rad8 20. Bxc5 Qxc5 21.
Qe3 Qxe3 22. Rxe3 Bc6 23. Bb3 Kf7 24. Ne4 Bxe4 25. Rxe4 Rd2 26. Rc1 Rxb2 27.
Bd1 Rd8 28. g3 Rdd2 29. Rc7+ Kf8 30. Bg4 Rxf2 31. Bxe6 Rg2+ 32. Kf1 Rxh2 33.
Rf7+ Ke8 34. Kg1 Rhg2+ 35. Kf1 Rxg3 36. Rc4 Ne7 37. Rc7 Nc6 38. Rc8+ Nd8 39.
Rd7 Rf3+ 40. Ke1 Re3+ 41. Kd1 Rd3+ 42. Rxd3 Ke7 43. Bg4 Ne6 44. Rd6 Nf8 45.
Rc7+ Ke8 46. e6 Ng6 47. e7 Nxe7 48. Re6 Rg2 49. Rexe7+ Kf8 50. Rf7+ Kg8 51. Be6
h5 52. Rxg7+ 1-0

[Event "Kreis-EM Mfr.Mitte 1997/98"]
[Site "Stein (15.11.-6.12.97)"]
[Date "1997.??.??"]
[Round "6"]
[White "Goetz, Dieter(65)"]
[Black "Kujundzic, Salih"]
[Result "0-1"]
[WhiteElo "1958"]
[BlackElo "2061"]
[PlyCount "84"]
[EventDate "1997.12.??"]
[WhiteTeam "Nürnberg-1911 SK"]

1. c4 Nf6 2. Nc3 e6 3. e4 c5 4. e5 Ng8 5. Nf3 Nc6 6. d4 cxd4 7. Nb5 d6 8. Nfxd4
Nxe5 9. f4 Nc6 10. Be2 a6 11. Nxc6 bxc6 12. Nd4 Qb6 13. Nc2 d5 14. Qd4 c5 15.
Qf2 d4 16. O-O Nf6 17. Bf3 Rb8 18. Re1 Bd6 19. Rb1 O-O 20. Bd2 Qc7 21. Qh4 Bb7
22. Rf1 Ne4 23. Bxe4 Bxe4 24. Rfc1 f5 25. b3 Rf6 26. Rb2 Rg6 27. Ne1 e5 28.
fxe5 Bxe5 29. b4 d3 30. Rb3 Rg4 31. Qh3 cxb4 32. Nf3 Bf6 33. Kf1 a5 34. c5 Bc6
35. Kf2 Rd8 36. Re1 Be4 37. Rc1 Qe7 38. c6 Rc8 39. c7 Rxc7 40. Rbb1 Rc2 41.
Rxc2 dxc2 42. Rb3 Qc5+ 0-1

[Event "Kreis-EM Mfr.Mitte 1997/98"]
[Site "Stein (15.11.-6.12.97)"]
[Date "1997.??.??"]
[Round "6"]
[White "Holl, Manfred"]
[Black "Betz, Egon"]
[Result "1/2-1/2"]
[WhiteElo "1893"]
[BlackElo "1904"]
[PlyCount "93"]
[EventDate "1997.12.??"]
[WhiteTeam "Nürnberg-Süd SW"]

1. e4 e5 2. Nf3 Nc6 3. Bb5 f5 4. d3 fxe4 5. dxe4 Nf6 6. O-O Bc5 7. Bxc6 bxc6 8.
Nxe5 O-O 9. Qe2 Qe7 10. Nd3 Bb6 11. Nc3 Bd4 12. Bd2 d6 13. h3 Ba6 14. Kh1 Bxc3
15. Bxc3 Nxe4 16. Kg1 Rae8 17. Rae1 Qh4 18. Qg4 Qxg4 19. hxg4 Nxc3 20. bxc3 Bc4
21. a3 Kf7 22. f4 Bxd3 23. cxd3 Rxe1 24. Rxe1 Rb8 25. Re4 c5 26. Ra4 Rb7 27.
Kf2 Ke6 28. Ke3 d5 29. Ra6+ Kd7 30. g5 c6 31. f5 Kd6 32. g4 Rc7 33. Kf4 Re7 34.
Ra4 Rf7 35. d4 cxd4 36. cxd4 Re7 37. Kf3 Rb7 38. Rb4 Rb5 39. Kf4 a5 40. Ra4 c5
41. dxc5+ Rxc5 42. Rd4 Rc3 43. Ra4 Rc5 44. Kg3 Ke5 45. Kh4 Rb5 46. Kh5 Rb1 47.
Kh4 1/2-1/2